Комедийные пьесы - Армагеддон - Statistics

General Stats
  • This quiz has been taken 13 times
  • The average score is 5 of 15
Answers on the Grid
Answers color-coded by a green-red scale on the quiz's grid according to % correct below.
Чайка
Лягушки
Гроза
Суд над богом
Зимняя сказка
Ревизор
Тётя Чарли
На дне
Борис Годунов
Ромео и Джульетта
Три сестры
Царь Эдип
Вишнёвый сад
Птицы
Тартюф
Фауст
Пигмалион
Смерть коммивояжёра
Клоп
Макбет
Тимон Афинский
Любовь у сливного бачка
Бесприданница
Утиная охота
Игроки
Мещанин во дворянстве
Баня
Медея
Антоний и Клеопатра
Мера за меру
 
Answer Stats
Answer % Correct
Ревизор
70%
Тартюф
50%
Клоп
50%
Мещанин во дворянстве
50%
Баня
50%
Лягушки
40%
Пигмалион
40%
Любовь у сливного бачка
40%
Чайка
30%
Тётя Чарли
30%
Мера за меру
30%
Вишнёвый сад
20%
Игроки
20%
Зимняя сказка
10%
Птицы
10%
No matching quizzes found
Score Distribution
Percent of People with Each Score
Percentile by Number Answered
Your Score History
You have not taken this quiz